Texas Rappers - Statistics

General Stats
  • This quiz has been taken 37 times
  • The average score is 5 of 31
Answer Stats
Hint Answer % Correct
SICKO MODE Travis Scott
89%
Captain Hook Megan Thee Stallion
50%
After Party Don Toliver
46%
6locc 6a6y Lil Loaded
46%
Hot In Herre Nelly
43%
The Race Tay-K
39%
Roaches Maxo Kream
21%
Pourin' Up Pimp C
21%
Party Girl StaySolidRocky
21%
Buss It Erica Banks
18%
Drank In My Cup Kirko Bangz
18%
Nasty Freestyle T-Wayne
14%
That's On Me Yella Beezy
14%
You're Everything Bun B
11%
Tops Drop Fat Pat
11%
Errbody Not Your Friend Mo3
11%
Nunnadet Shit Asian Doll
7%
Roll Up A Blunt Big Hawk
7%
I Did It To You! Big Lurch
7%
Talkin' My Shit Quin NFN
7%
Ghetto Gospel Sauce Walka
7%
The Assignment Tay Money
7%
No Hook Almighty Jay
4%
Purple Stuff Big Moe
4%
Bankrupt Cuban Doll
4%
Emotions Iann Dior
4%
He Be Like KenTheMan
4%
Finally Lil 2z
4%
Here I Go Trae tha Truth
4%
Raccs Trapboy Freddy
4%
You Got It Vory
0%
No matching quizzes found
Score Distribution
Percent of People with Each Score
Percentile by Number Answered
Your Score History
You have not taken this quiz